{"text_format":"3","workbook":"xlsx","n_sheets":2,"sheets":["list","data"],"not_rendered":{"external_links":1},"read":"whole","date_system":"1900"}

{"sheet":"list","index":0,"n_rows":44,"n_cols":17,"rows_kept":44}
["№","СНИЛС","Фамлия","Имя","Отчество","Пол","Дата рождения","Участник с ОВЗ","Класс","Класс участия","Балл","Макс. Балл","Статус","Призер МЭ прошлого года","Учитель","Место работы учителя","Направление, вид практики  по технологии"]
[1,2,3,4,5,6,7,8,9,10,11,12,13,14,15,16,17]
[1,17342437866,"Калугина","София","Анатольевна","ж","2012-08-14","нет",5,5,20.2,25,"победитель","нет","Зотова Екатерина Игоревна","Школа 132"]
[2,17344154359,"Акифьев","Матвей","Артёмович","м","2012-08-23","нет",5,5,19.4,25,"призер","нет","Зотова Екатерина Игоревна","Школа 132"]
[3,17061219438,"Костина","Анна","Игоревна","ж","2012-02-22","нет",5,5,19.2,25,"призер","нет","Зотова Екатерина Игоревна","Школа 132"]
[4,17217221641,"Кузина","Кира","Евгеньевна","Ж","2012-05-12","нет",5,5,17.2,25,"призер","нет","Зотова Екатерина Игоревна","Школа 132"]
[5,17217223746,"Николаева","Таисия","Павловна","Ж","2012-05-02","нет",5,5,16.8,25,"призер","нет","Зотова Екатерина Игоревна","Школа 132"]
[6,17224614853,"Самойлов","Артем","Артурович","М","2012-05-12","нет",5,5,16.8,25,"призер","нет","Зотова Екатерина Игоревна","Школа 132"]
[7,17045259256,"Нурлов","Ранель","Эдуардович","М","08.02.2012","нет",5,5,14.6,25,"призер","нет","Зотова Екатерина Игоревна","Школа 132"]
[8,17284892210,"Загирьянов","Дамир","Маратович","м","2012-07-01","нет",5,5,10,25,"участник","нет","Зотова Екатерина Игоревна","Школа 132"]
[9,"17039298886","Фаизов","Тимур","Айратович","М","04.09.2012","нет",5,5,9.2,25,"участник","нет","Зотова Екатерина Игоревна","Школа 132"]
[10,17206120220,"Лазарев","Макар","Валерьевич","М","2012-05-09","нет",5,5,8.4,25,"участник","нет","Зотова Екатерина Игоревна","Школа 132"]
[11,"17150129837","Туйгильдин","Амир","Румилевич","М","06.04.2012","нет",5,5,8,25,"участник","нет","Зотова Екатерина Игоревна","Школа 132"]
[12,"171-292-628 66","Ахметшин ","Амир","Радикович","м","2011-01-19","нет",6,6,17.2,26,"призер","нет","Галиева Гульназ Ханифовна","Школа 132"]
[13,"169-251-394 91","Болонина","Анна","Дмитриевна","ж","2011-11-18","нет",6,6,14,25,"призер","нет","Галиева Гульназ Ханифовна","Школа 132"]
[14,"164-805-699 97","Долгова ","Ярослава","Олеговна","ж","2011-03-11","нет",6,6,17.8,25,"призер","нет","Галиева Гульназ Ханифовна","Школа 132"]
[15,"166-054-904 70","Жуков","Кирилл","Дмитриевич","м","2011-01-20","нет",6,6,18.8,25,"Призер","нет","Галиева Гульназ Ханифовна","Школа 132"]
[16,"168-400637 67","Иванов","Егор","Андреевич","м","2011-09-23","нет",6,6,20,25,"Победитель","нет","Галиева Гульназ Ханифовна","Школа 132"]
[17,"164-056-812 61","Кустадинчева","Милана","Максимовна","ж","2010-11-30","нет",6,6,18,25,"призер","нет","Галиева Гульназ Ханифовна","Школа 132"]
[18,"163-883-206 89","Михалицына ","Марина","Андреевна","ж","2010-12-26","нет",6,6,15,25,"призер","нет","Галиева Гульназ Ханифовна","Школа 132"]
[19,"165-580-665 96","Яковлева","Сафия","Альбертовна","ж","2011-04-17","нет",6,6,17.8,25,"призер","нет","Галиева Гульназ Ханифовна","Школа 132"]
[20,"171-948-365 02","Абитов ","Самат","Ильдарович","м","2010-07-13","нет",7,7,24.6,30,"победитель","нет","Галиева Гульназ Ханифовна","Школа 132"]
[21,"170-680-965 84","Валиуллин","Рустем","Маратович","м","2010-03-03","нет",7,7,{"v":24.6,"d":"24.60"},30,"победитель","нет","Галиева Гульназ Ханифовна","Школа 132"]
[22,"173-647-493 01","Касьянов","Вячеслав ","Владимирович","м","2010-11-05","нет",7,7,24.2,30,"призер","нет","Галиева Гульназ Ханифовна","Школа 132"]
[23,"170-789-022 88","Сытдыков","Аскар","Ильдарович","м","2010-03-01","нет",7,7,23.6,30,"призер","нет","Галиева Гульназ Ханифовна","Школа 132"]
[24,16718985828,"Вичковская","Полина","Игоревна","Ж","12.02.2009","нет",8,8,17.8,33,"победитель","нет","Зотова Екатерина Игоревна","Школа 132"]
[25,"17342437462","Тимофеев","Климентий","Максимович","м","2010-01-09","нет",8,8,11,33,"участник","нет","Зотова Екатерина Игоревна","Школа 132"]
[26,"16776932126","Лифанов","Савелий","Семёнович","м","2009-05-19","нет",8,8,10.4,33,"участник","нет","Зотова Екатерина Игоревна","Школа 132"]
[27,16343394063,"Фахрутдинов","Тамерлан","Ильнарович","М","2009-02-05","нет",8,8,9,33,"участник","нет","Зотова Екатерина Игоревна","Школа 132"]
[28,16079296999,"Усманова","Малика","Маратовна","ж","2008-07-27","нет",9,9,37.7,57,"победитель","нет","Зотова Екатерина Игоревна","Школа 132"]
[29,"16600889072","Кондратьев","Константин","Игоревич","М","2008-04-22","нет",9,9,35.9,57,"призер","нет","Зотова Екатерина Игоревна","Школа 132"]
[30,"16235379771","Герасимов","Артем","Анлреевич","М","2008-05-07","нет",9,9,34.9,57,"призер","нет","Зотова Екатерина Игоревна","Школа 132"]
[31,"16375533483","Бойко","Андрей","Григорьевитч","М","2008-02-03","нет",9,9,24.7,57,"участник","нет","Зотова Екатерина Игоревна","Школа 132"]
[32,"16734457896","Ибрагимова","Алина","Маратовна","ж","2009-09-06","нет",9,9,23.7,57,"участник","нет","Зотова Екатерина Игоревна","Школа 132"]
[33,16643905487,"Каргальцева","София","Алексеевна","Ж","2008-10-01","нет",9,9,20.4,57,"участник","нет","Зотова Екатерина Игоревна","Школа 132"]
[34,"14855828307","Аникина","Дарья","Сергеевна","Ж","2007-10-25","нет",9,9,20.2,57,"участник","нет","Зотова Екатерина Игоревна","Школа 132"]
[35,17449718209,"Пьянова","Софья","Ильинична","Ж","2008-08-29","нет",9,9,18.8,57,"участник","нет","Зотова Екатерина Игоревна","Школа 132"]
[36,15971854618,"Аглуллин","Арсений","Тимурович","М","2007-03-20","нет",10,10,46.8,64,"победитель","нет","Зотова Екатерина Игоревна","Школа 132"]
[37,16076097776,"Усманова","Мадина","Маратовна","Ж","2006-02-22","нет",11,11,44.6,71,"победитель","нет","Зотова Екатерина Игоревна","Школа 132"]
[38,16014728234,"Самойлова","Мария","Николаевна","Ж","2006-08-04","нет",11,11,43.3,71,"призер","нет","Зотова Екатерина Игоревна","Школа 132"]
[39,14771718790,"Саховская","Мария","Сергеевна","Ж","2007-01-30","нет",11,11,39.1,71,"призер","нет","Зотова Екатерина Игоревна","Школа 132"]
[40,16065546667,"Яковлева","Самира","Альбертовна","Ж","2006-07-14","нет",11,11,31.6,71,"участник","нет","Зотова Екатерина Игоревна","Школа 132"]
[41,16065543156,"Фаткуллина","Рената","Рустемовна","Ж","2006-04-05","нет",11,11,23.1,71,"участник","нет","Зотова Екатерина Игоревна","Школа 132"]
[42,17626395300,"Щербакова","Анна","Дмитриевна","Ж","2006-02-15","нет",11,11,22.3,71,"участник","нет","Зотова Екатерина Игоревна","Школа 132"]

{"sheet":"data","index":1,"n_rows":25,"n_cols":3,"rows_kept":25,"hidden":true}
[]
["Техника, технология и техническое творчество .  Ручная обработка древесины"]
["Техника, технология и техническое творчество .  Ручная обработка металла"]
["Техника, технология и техническое творчество .  Механическая обработка древесины"]
["Техника, технология и техническое творчество .  Механическая обработка металла"]
["Техника, технология и техническое творчество .  Электротехника"]
["Техника, технология и техническое творчество .  Робототехника"]
["Техника, технология и техническое творчество .  3d - моделирование и печать"]
["Техника, технология и техническое творчество .  Обработка материалов на лазерно-гравировальной машине"]
["Техника, технология и техническое творчество .  Промышленный дизайн"]
["Культура дома, дизайн и технологии .  Обработка швейного изделия или узла + моделирование швейных изделий"]
["Культура дома, дизайн и технологии .  Обработка швейного изделия или узла + моделирование швейных изделий с использованием графических редакторов"]
["Культура дома, дизайн и технологии .  Обработка швейного изделия или узла на швейно-вышивальном оборудовании + моделирование швейных изделий"]
["Культура дома, дизайн и технологии .  Обработка швейного изделия или узла на швейно-вышивальном оборудовании + моделирование швейных изделий с использованием графических редакторов"]
["Культура дома, дизайн и технологии .  Робототехника"]
["Культура дома, дизайн и технологии .  3d - моделирование и печать"]
["Культура дома, дизайн и технологии .  Обработка материалов на лазерно-гравировальной машине"]
["Культура дома, дизайн и технологии .  Промышленный дизайн"]
["Роботехника .  "]
["Информационная безопасность ."]
[]
[]
["участник"]
["призер",null,"да"]
["победитель"]